Movies Quiz

Random Movies or Clickable Quiz

50 Flicks to Click (1993) Quiz Stats

 Plays Quiz Updated May 14, 2018

Challenge
Share
Tweet
Embed
Score 0/50 Timer 07:00
37 Plays Today
% Correct
Pocus
96.3%
Doubtfire
95.9%
Sleepless
95.8%
Schindler's
95.4%
Nightmare
95.3%
Tights
95.1%
Dennis
94.9%
Dazed
94.9%
Axe
94.8%
Musketeers
94.7%
Love
94.5%
Eating
93.1%
Willy
92.9%
Fire
92%
Grumpy
91.8%
Jurassic
91.4%
Runnings
90.8%
Pelican
89.8%
Deux
89.7%
Indecent
89.2%
Separation
87.8%
Action
87.8%
Values
86%
Groundhog
84.6%
Innocence
83.1%
% Correct
Garden
82.2%
Carlito's
82.1%
Rising
82.1%
Father
81.4%
Searching
80.5%
Demolition
79.2%
Joon
78.2%
Luck
77.6%
Down
75.4%
Bronx
70.9%
Rookie
70.1%
Short
68.4%
Remains
68%
Life
66.6%
Menace
66.2%
Another
66.1%
Manhattan
64.9%
Romance
64.4%
Rock
62.9%
Son
62.3%
Romeo
61.6%
Glory
48.3%
Swing
47.3%
Helena
46.5%
Concubine
45.4%

You're not logged in!

Compare scores with friends on all Sporcle quizzes.
OR
Log In

You Might Also Like...

Show Comments

Extras

Top Quizzes Today


Score Distribution

Your Account Isn't Verified!

In order to create a playlist on Sporcle, you need to verify the email address you used during registration. Go to your Sporcle Settings to finish the process.

Report this User

Report this user for behavior that violates our Community Guidelines.

Details: